000 00621nam a2200193 i 4500
001 73749
003 ES-MaACL
005 20250807234521.0
007 t|
008 040910s1960 sp ||||1| spa d
100 0 _aGómez-Tabanera, José Manuel,
_d1926-2011
_958165
245 1 4 _aLos hombres fósiles y el origen de las razas /
_cJosé Manuel Gómez-Tabanera.
260 _aMadrid :
_bTebas,
_c1960.
300 _a270 p., 8 lám. :
_bil. ;
_c23 cm.
650 0 7 _aHombre prehistórico
_2embne
_913455
650 0 4 _aHombre-
_xOrigen.
_913452
852 _aES-MaACL
_jC-20426
_bR.48639
999 _c73749
_d73749